Semiparametric regression for the social sciences (E-Book) (Record no. 193142)

000 -LEADER
fixed length control field 01023 a2200265 4500
003 - CONTROL NUMBER IDENTIFIER
control field Nust
005 - DATE AND TIME OF LATEST TRANSACTION
control field 20170207154052.0
010 ## - LIBRARY OF CONGRESS CONTROL NUMBER
LC control number 2007045557
020 ## - INTERNATIONAL STANDARD BOOK NUMBER
International Standard Book Number 0470319917 (cloth)
020 ## - INTERNATIONAL STANDARD BOOK NUMBER
International Standard Book Number 9780470319918 (cloth)
035 ## - SYSTEM CONTROL NUMBER
System control number (OCoLC)181079183
035 ## - SYSTEM CONTROL NUMBER
System control number (OCoLC)ocn181079183
040 ## - CATALOGING SOURCE
Transcribing agency Nust
082 00 - DEWEY DECIMAL CLASSIFICATION NUMBER
Classification number 519.536
100 1# - MAIN ENTRY--PERSONAL NAME
Personal name Luke Keele.
245 10 - TITLE STATEMENT
Title Semiparametric regression for the social sciences (E-Book)
Statement of responsibility, etc. Luke Keele.
260 ## - PUBLICATION, DISTRIBUTION, ETC.
Place of publication, distribution, etc. Chichester, England ;
-- Hoboken, NJ :
Name of publisher, distributor, etc. Wiley,
Date of publication, distribution, etc. c2008.
300 ## - PHYSICAL DESCRIPTION
Extent xvi, 213 p. :
Other physical details ill. ;
Dimensions 24 cm.
650 #0 - SUBJECT ADDED ENTRY--TOPICAL TERM
Topical term or geographic name entry element Nonparametric statistics.
650 #0 - SUBJECT ADDED ENTRY--TOPICAL TERM
Topical term or geographic name entry element Regression analysis.
651 ## - SUBJECT ADDED ENTRY--GEOGRAPHIC NAME
Geographic name Semiparametric regression for the social sciences (E-Book)
856 42 - ELECTRONIC LOCATION AND ACCESS
Materials specified Contributor biographical information
Uniform Resource Identifier <a href="http://www.loc.gov/catdir/enhancements/fy0833/2007045557-b.html">http://www.loc.gov/catdir/enhancements/fy0833/2007045557-b.html</a>
856 42 - ELECTRONIC LOCATION AND ACCESS
Materials specified Publisher description
Uniform Resource Identifier <a href="http://www.loc.gov/catdir/enhancements/fy0804/2007045557-d.html">http://www.loc.gov/catdir/enhancements/fy0804/2007045557-d.html</a>
856 42 - ELECTRONIC LOCATION AND ACCESS
Materials specified Table of contents only
Uniform Resource Identifier <a href="http://www.loc.gov/catdir/enhancements/fy0805/2007045557-t.html">http://www.loc.gov/catdir/enhancements/fy0805/2007045557-t.html</a>
942 ## - ADDED ENTRY ELEMENTS (KOHA)
Source of classification or shelving scheme
Koha item type Book
Holdings
Withdrawn status Lost status Source of classification or shelving scheme Damaged status Not for loan Collection code Permanent Location Current Location Date acquired Total Checkouts Full call number Barcode Date last seen Price effective from Koha item type
            Military College of Signals (MCS) Military College of Signals (MCS) 12/12/2016   519.536 KEE MCSEB-2874 12/08/2016 12/12/2016 Book
© 2023 Central Library, National University of Sciences and Technology. All Rights Reserved.